FINANZAS INTERNACIONALES : (Registro nro. 6470)
[ vista simple ]
| 000 -LEADER | |
|---|---|
| fixed length control field | 00460nam a2200157 a 4500 |
| 001 - CONTROL NUMBER | |
| control field | 6470 |
| 005 - DATE AND TIME OF LATEST TRANSACTION | |
| control field | 20180713190329.0 |
| 008 - FIXED-LENGTH DATA ELEMENTS--GENERAL INFORMATION | |
| fixed length control field | 140415s1990 000 0 spa d |
| 041 ## - LANGUAGE CODE | |
| Language code of text/sound track or separate title | spa |
| 082 ## - DEWEY DECIMAL CLASSIFICATION NUMBER | |
| Classification number | 336.72 |
| Item number | JAU |
| 100 1# - MAIN ENTRY--PERSONAL NAME | |
| Personal name | JAUCKENS-GANT LACUNZA, ARTURO |
| 245 10 - TITLE STATEMENT | |
| Title | FINANZAS INTERNACIONALES : |
| Remainder of title | ENFOQUE PRACTICO |
| 260 ## - PUBLICATION, DISTRIBUTION, ETC. | |
| Place of publication, distribution, etc. | [s.l.] : |
| Name of publisher, distributor, etc. | INSTITUTO MEXICANO DE EJECUTIVOS DE FINANZAS, |
| Date of publication, distribution, etc. | 1990 |
| 300 ## - PHYSICAL DESCRIPTION | |
| Extent | 158 |
| 650 14 - SUBJECT ADDED ENTRY--TOPICAL TERM | |
| Topical term or geographic name entry element | FINANZAS |
| General subdivision | MEXICO |
| Withdrawn status | Lost status | Source of classification or shelving scheme | Damaged status | Not for loan | Collection code | Home library | Current library | Shelving location | Date acquired | Source of acquisition | Inventory number | Total Checkouts | Full call number | Barcode | Date last seen | Price effective from | Koha item type |
|---|---|---|---|---|---|---|---|---|---|---|---|---|---|---|---|---|---|
| Dewey Decimal Classification | General | Biblioteca Karol Wojtyla | Biblioteca Karol Wojtyla | Sala general | 03/12/2013 | Compra | 151000000000000000052236 | 336.72 JAU | 18972 | 05/01/2026 | 03/12/2013 | Libro |